Kształty państw na mapie świata #7 - Statystyki

Ogólne statystyki
  • Ten quiz został rozwiązany 9 818 razy
  • Średni wynik to 16 z 20
Odpowiedzi na mapie
Odpowiedzi zakodowano w zielono-czerwonej skali na mapie do tego quizu, zgodnie z poniższymi procentami.
 
Statystyki odpowiedzi
Państwo % Poprawnych
Szwecja
99%
Turcja
98%
Łotwa
96%
Madagaskar
96%
Bułgaria
94%
Paragwaj
89%
Sri Lanka
87%
Somalia
86%
Kirgistan
81%
Bangladesz
80%
Honduras
77%
Kostaryka
77%
Republika Zielonego Przylądka
77%
Uganda
69%
Kongo
67%
Burkina Faso
65%
Wyspy Salomona
64%
Malawi
63%
Liberia
62%
Vanuatu
60%
Nie znaleziono quizów pasujących do podanych kryteriów
Rozkład punktacji
Procent ludzi z każdym wynikiem
Percentyl według liczby udzielonych odpowiedzi
Twoja historia wyników
Nie rozwiązałeś tego quizu